LEADER 01503nam 2200385 450 001 000016255 005 20050718115600.0 010 $a0-7923-0399-7 100 $a20030905d1989----km-y0itay0103----ba 101 0 $aeng 102 $aNL 200 1 $aComplete and compact minimal surfaces$fby Kichoon Yang 210 $aDordrecht [etc.]$cKluwer Academic Publishers$dc1989 215 $aXII, 175 p.$d25 cm. 225 2 $aMathematics and its applications$v54 410 0$12001$aMathematics and its applications 606 $aGeometria differenziale 676 $a516.362$v(21. ed.)$9Geometria integrale (Geometria differenziale globale) 691 $a49Q05$9Calculus of variations and optimal control; optimization. Manifolds. Minimal surfaces 691 $a53A10$9Classical differential geometry. Minimal surfaces, surfaces with prescribed mean curvature 700 1$aYang,$bKichoon$059730 801 0$aIT$bUniversità della Basilicata - B.I.A.$gRICA$2unimarc 912 $a000016255 996 $aComplete and compact minimal surfaces$982424 997 $aUNIBAS BAS $aMONSCI BAS $aSCIENZE CAT $aEXT003$b01$c20030905$lBAS01$h1259 CAT $c20050601$lBAS01$h1755 CAT $abatch$b01$c20050718$lBAS01$h1053 CAT $c20050718$lBAS01$h1112 CAT $c20050718$lBAS01$h1142 CAT $c20050718$lBAS01$h1156 FMT Z30 -1$lBAS01$LBAS01$mBOOK$1BASA5$ADipartimento Matematica$2GEN$BCollezione generale$3MAT$6461$5M461$820030905$f51$FRiservati LEADER 02164nam 22006255u 450 001 9910157622503321 005 20211006145328.0 010 $a9783318037425 010 $a3318037427 035 $a(CKB)3780000000102127 035 $a(OCoLC)1046188726 035 $a(SZ-BaSKA)221180 035 $a(MiAaPQ)EBC31866680 035 $a(Au-PeEL)EBL31866680 035 $a(EXLCZ)993780000000102127 100 $a20211006d1987 uy 0 101 0 $aeng 135 $aurunu||||| 181 $ctxt$2rdacontent 182 $cc$2rdamedia 183 $acr$2rdacarrier 200 10$aSleep, Aging and Related Disorders : $eSymposium 3 on Sleep Disorders, Held during the 13th World Congress of Neurology, Hamburg, September 1985 / $f editors, W. Emser, D. Kurtz, W.B. Webb 205 $a1st ed. 210 $aBasel : $cS. Karger, $d1987 215 $a1 online resource (X + 166 pages) : $c 18 figures, 37 tables 225 1 $aIssn Series 311 08$a9783805544511 311 08$a3805544510 327 $a978-3-8055-4451-1_Cover -- 978-3-8055-4451-1_00I -- 978-3-8055-4451-1_001 -- 978-3-8055-4451-1_013 -- 978-3-8055-4451-1_037 -- 978-3-8055-4451-1_047 -- 978-3-8055-4451-1_068 -- 978-3-8055-4451-1_098 -- 978-3-8055-4451-1_111 -- 978-3-8055-4451-1_128 -- 978-3-8055-4451-1_144 -- 978-3-8055-4451-1_159. 410 0$aIssn Series 606 $aGerontology / Geriatrics 606 $aNeurology 606 $aElectroencephalogram 606 $aPneumology 606 $aPsychiatry 606 $aSleep Research 615 14$aGerontology / Geriatrics 615 14$aNeurology 615 24$aElectroencephalogram 615 24$aPneumology 615 24$aPsychiatry 615 24$aSleep Research 676 $a362.6 s 676 $a618.97/6849 700 $aEmser$b W$01215474 701 $aEmser$b W$01215474 701 $aKurtz$b D$01231308 701 $aWebb$b Wilse B$01231309 712 12$aWorld Congress of Neurology$d(13th :$f1985 :$eHamburg, Germany) 801 0$bUKSKG 801 1$bUKSKG 906 $aBOOK 912 $a9910157622503321 996 $aSleep, Aging and Related Disorders$92858938 997 $aUNINA LEADER 01264oam 2200409zu 450 001 9910142344003321 005 20241212215349.0 010 $a9781538601310 010 $a1538601311 035 $a(CKB)1000000000036060 035 $a(SSID)ssj0000453789 035 $a(PQKBManifestationID)12195329 035 $a(PQKBTitleCode)TC0000453789 035 $a(PQKBWorkID)10486800 035 $a(PQKB)10208831 035 $a(NjHacI)991000000000036060 035 $a(EXLCZ)991000000000036060 100 $a20160829d2005 uy 101 0 $aeng 135 $aur||||||||||| 181 $ctxt 182 $cc 183 $acr 200 10$a2005 4th IEEE International Conference on Development and Learning 210 31$a[Place of publication not identified]$cIEEE$d2005 215 $a1 online resource (vi, 213 pages) $cillustrations 300 $aBibliographic Level Mode of Issuance: Monograph 311 08$a9780780392267 311 08$a0780392264 606 $aDevelopmental neurophysiology$vCongresses 615 0$aDevelopmental neurophysiology 676 $a591.18 801 0$bPQKB 906 $aPROCEEDING 912 $a9910142344003321 996 $a2005 4th IEEE International Conference on Development and Learning$92392724 997 $aUNINA